| 000 | 00631nam a2200217 a 4500 | ||
|---|---|---|---|
| 008 | |||
| 020 | _a9780199601974 (pbk.) | ||
| 049 | _aMAIN | ||
| 090 |
_aREF R121 _bOXF |
||
| 245 |
_aOxford Concise Medical Dictionary / _cedited by Elizabeth A Martin. |
||
| 250 | _a8th ed. | ||
| 260 |
_aOxford : _bOxford University Press, _c2010. |
||
| 300 |
_a832 p. : _bill. ; _c20 cm. |
||
| 650 | 1 |
_aMedicine _vDictionaries. |
|
| 700 | _aMartin, Elizabeth A. | ||
| 907 |
_a.b10381521 _b25-07-17 _c24-07-17 |
||
| 003 | |||
| 005 | 20230120204218.0 | ||
| 040 | _cNUST | ||
| 942 |
_cBOOKS _kREF R121 _mOXF |
||
| 999 |
_c119156 _d119156 |
||